8 mots dans mots : nid (mort subite) - Statistiques

Statistiques générales
  • Ce quiz a été pris 44 fois
  • Le résultat moyen est 5 sur 8
Answers on the Grid
Answers color-coded by a green-red scale on the quiz's grid according to % correct below.
U---imensionnel
Gre---ier-voltigeur
Canadiens-fr---ais
Tri---adien
Pont-pr---nade
Arach---es
Inadé---tion
Om---irectif
U---ose
Pant---nnade
Salmo---é
In---issibilité
Fa---ronnade
Tri---ad
Ch---onnade
U---irectionnelle
 
Statistiques - réponses
Réponse % Correct
U---imensionnel
89%
U---ose
69%
Arach---es
63%
U---irectionnelle
60%
Om---irectif
57%
Tri---adien
54%
Tri---ad
51%
Salmo---é
49%
Aucun quiz correspondant
Distribution des résultats
% des personnes avec chaque résultat
Percentile par nombre de réponses
Votre historique - résultats
Vous n’avez pas pris ce quiz